000 00610nam a2200265Ia 4500
005 20260306163509.0
008 008 260114s9999 xx 000 0 eng d
020 _a9780252094361
037 _aEBOOK
040 _aCRL
040 _beng
040 _cCRL
041 _2eng
041 _aeng
084 _qCRL
100 _aHellier
_91128751
245 0 _aWomen Singers In Global Contexts
260 _bUniversity of Illinois Press
260 _c2017
650 _aMusic
856 _uhttps://academic.oup.com/book/18294
942 _cEBOOK
999 _c1710339
_d1710339